| 000 | 00734nam a22002177a 4500 | ||
|---|---|---|---|
| 999 |
_c2471 _d2471 |
||
| 003 | AR-CdUCM | ||
| 008 | 190304b ||||| |||| 00| 0 spa d | ||
| 040 |
_aMUNICIPALIDAD PROVINCIAL DEL CUSCO _cBIBLIOTECA MUNICIPAL DEL CUSCO |
||
| 082 |
_a869.26 / _bC79 |
||
| 100 |
_aConstantini, Humberto _98829 |
||
| 245 | _aDe dioses, hombrecitos y policías / | ||
| 260 |
_aCuba : _bEdiciones Casa de las Américas, _c1979. |
||
| 300 |
_a221 Páginas ; _c20 cm. |
||
| 505 | _aContenido: I / 7 -- II / 12 -- III / 14 -- IV / 18 -- V / 20... | ||
| 650 |
_aNovela Cubana _91237 |
||
| 650 |
_aSistemas represivos _98830 |
||
| 650 |
_aNovela Latinoamericana _9130 |
||
| 650 |
_aPosición política _98831 |
||
| 942 |
_2ddc _cLIBROS |
||
| 945 | _adavv | ||